El cine en la República Federal de Alemania: el nuevo cine alemán. Origen-situación actual. Manual

Uloženo v:
Podrobná bibliografie
Hlavní autoři: Pflaum, Hans Günther (Autor), Prinzler, Hans Helmut (Autor)
Médium: Kniha
Jazyk:španělština
Vydáno: Bonn Inter Nationes 1983
Vydání:1a. ed
Témata:
Tagy: Přidat tag
Žádné tagy, Buďte první, kdo vytvoří štítek k tomuto záznamu!

MARC

LEADER 00000cam a2200000 a 4500
001 UCC7760
003 CL-VaPUC
008 190505e19830000gw |||||||||||||||||spa|d
082 0 4 |a 791.43  |b PFL  |2 21 
100 0 |a Pflaum, Hans Günther  |e author  |9 602436 
700 0 |a Prinzler, Hans Helmut  |e author  |9 602437 
245 1 3 |a El cine en la República Federal de Alemania: el nuevo cine alemán. Origen-situación actual. Manual 
250 |a 1a. ed 
300 |a 187 p 
942 |c BK 
945 |d 20190505 21:05:00  |a dcastane 
260 |a Bonn  |b Inter Nationes  |c 1983 
650 0 |a Cine alemán  |9 408351 
650 0 |a Directores de cine  |9 368705 
583 |a last modification  |c 20190505 21:05:00  |k Rodrigo Vera 
999 |c 374309  |d 374307 
952 |0 0  |1 0  |3 erb  |4 0  |6 791_430000000000000_PFL_1983  |7 0  |8 A  |9 492810  |a BIBART  |b BIBART  |i 5545420  |o 791.43 PFL 1983  |p 5545420  |r 2025-03-13  |w 2019-11-24  |y BK  |z Catalogado en:20190505  |k ART